Obstacle et valeur

Đã lưu trong:
Chi tiết về thư mục
Tác giả chính: Le Senne, René (Tác giả)
Định dạng: Sách
Ngôn ngữ:Tiếng Pháp
Được phát hành: París Fernand Aubier 1940
Loạt:Philosophie de l'Esprit
Những chủ đề:
Các nhãn: Thêm thẻ
Không có thẻ, Là người đầu tiên thẻ bản ghi này!

MARC

LEADER 00000nam a2200000 a 4500
001 UCZ5270
003 CL-VaPUC
008 951117e19400000FR |||||||||||||||||fre|d
082 0 4 |a 126  |b LES  |2 21 
100 |a Le Senne, René  |e author  |9 465993 
245 1 0 |a Obstacle et valeur 
246 1 3 |a La description de conscience 
300 |a 351 p 
942 |c BK 
945 |d 19951117 00:00:00  |a cmena 
260 |a París  |b Fernand Aubier  |c 1940 
650 7 |a SER  |2 CL-VaPUC  |9 320176 
650 0 |a Conciencia  |9 309452 
650 0 |a Antropología   |9 233030 
650 0 |a Comportamiento   |9 308406 
650 0 |a Empirismo  |9 255037 
650 0 |a Intuición  |9 333290 
650 0 |a Cognición   |9 270347 
650 0 |a Personalidad   |9 307255 
583 |a last modification  |c 19951117 00:00:00  |k Rodrigo Vera 
490 0 |a Philosophie de l'Esprit 
999 |c 241590  |d 241588 
952 |0 0  |1 0  |4 0  |6 126_000000000000000_LES_1940  |7 0  |8 P  |9 253953  |a BIBEDU  |b BIBEDU  |c BIBEDU_PB  |d 2019-11-19  |i 1573578  |o 126 LES 1940  |p 1573578  |r 2024-01-25  |w 2019-11-19  |y BK  |k FIL